|
|
|
|
| LEADER |
00000nab a2200000 a 4500 |
| 001 |
vtls000652078 |
| 003 |
SK-MaSNL |
| 005 |
20260304085144.0 |
| 008 |
250425c1997 xo 0 slo |
| 015 |
|
|
|a SNBRA1998/02-02512
|
| 035 |
|
|
|a CLN000004272
|
| 035 |
|
|
|a urn:nbn:sk:snk-abaiv9
|
| 035 |
|
|
|a (urnnbn)urn:nbn:sk:snk:ar-008i2i
|
| 035 |
|
|
|a (uuid)56b8314a-829e-42bb-9d81-3b2f8d56adc8
|
| 040 |
|
|
|a SNKBUCL
|b slo
|c SNKBUCL
|e AACR2
|
| 041 |
0 |
|
|a cze
|
| 044 |
|
|
|a xo
|c SK
|
| 080 |
|
|
|a 616.89-08:615.84
|2 1997
|
| 080 |
|
|
|a 615.84
|2 1997
|
| 100 |
1 |
|
|a Hrdlička, Michal,
|d 1965-
|4 aut
|9 232660
|
| 245 |
1 |
0 |
|a Některé vybrané otázky aplikace elektrokonvulzivní terapie
|c M. Hrdlička, J. Pejchl, H. Hornochová
|
| 504 |
|
|
|a Res. angl., čes. Bibliogr. odkazy
|
| 650 |
0 |
7 |
|a psychiatria
|x terapia elektrokonvulzívna
|2 snkbucl
|9 1378312
|
| 650 |
0 |
7 |
|a liečba elektrokonvulzívna
|x psychiatria
|2 snkbucl
|9 1378313
|
| 655 |
|
7 |
|a články z novín a časopisov
|2 snkbucl
|9 267496
|
| 700 |
1 |
|
|a Pejchl, J.
|4 aut
|9 1011081
|
| 700 |
1 |
|
|a Hornochová, H.
|4 aut
|9 1378314
|
| 773 |
0 |
|
|t Česká a slovenská psychiatrie
|g Roč. 93, č. 3 (1997), s. 158-168
|x 0069-2336
|
| 850 |
|
|
|a Slovenská národná knižnica
|
| 852 |
|
|
|a Slovenská národná knižnica
|
| 954 |
|
|
|a odborná, vedecká literatúra cudzojazyčná (svetová)
|2 lita
|
| 958 |
|
|
|a article14
|
| 958 |
|
|
|a OND
|
| 958 |
|
|
|a NB
|
| 958 |
|
|
|a EUIPO
|
| 999 |
|
|
|c 2806749
|d 2808679
|